Datum a čas kvízu
31
Celkem bodů
Celkový počet nahraných bodů na tomto kvízu bez doplňovacích otázek.
7.
Pořadí na kvízu
Konečné umístění týmu na tomto kvízu.
Zaznamenané odpovědi
| # | Otázka | Odpověď | Body | Výsledky |
|---|---|---|---|---|
| 1. | Jak se jmenovala žena, jejíž s... | Olga Kočková | 1 | |
| 2. | Jistý stát zažil minulý týden... | Čína | 0 | |
| 3. | V úterý jsme se dozvěděli, že... | Blade Runner | 1 | |
| 4. | Španělská policie zatkla na ji... | s viagrou (lékem na potenci) | 1 | |
| 5. | Jeden teprve osmnáctiletý česk... | Jakub Menšík, Katar | 1 | |
| 6. | Součástí televizního programu... | Hodina pravdy | 1 | |
| 7. | Která veřejně známá osobnost z... | Ladislav Zibura | 0 | |
| 8. | Mezi lety 1996 až 2006 vysílal... | Videostop | 0 | |
| 9. | V dnešní době je velmi populár... | jednou | 1 | |
| 10. | Kdo z uvedených nikdy nemodero... | D | 1 |